000 01023cam a22002531i 4500
003 SA_RiAUC
005 20251110085218.0
008 251107s2003____su g i000 0 ara c
020 _a9960442470
040 _aSA-MaUQU
_bara
_cSA-RiAUC
_erda
082 0 4 _a257.1
_qSA-RiAUC
090 _a257.1
_bط ا ع
245 0 0 _aطاعة ولاة الأمر في ضوء الكتاب والسنة وأقوال سلف الأمة /
_cجمع وإعداد عبد الله بن علي بصفر.
264 1 _aجدة، السعودية :
_bالهيئة العالمية لتحفيظ القرآن الكريم،
_c2003
300 _a63 صفحة ؛
_c16 سم
336 _aنص
_btxt
_2rdacontent
_3كتاب
337 _aبدون وسيط
_bn
_2rdamedia
338 _aمجلد
_bnc
_2rdacarrier
650 7 _aنظم الحكم في الإسلام
_2aucsh
700 1 _aبصفر، عبد الله بن علي عبد الله
_eجامع.
730 2 2 _aالقرآن
942 _2ddc
_cBOOK
_n0
949 _aSA-JeALM
_d251107
_umohamedma123
_n1
999 _c13140
_d13140